000 00681nam a22002057a 4500
010 _aA-290411
035 _aA-290411
037 _bCen Lib / Ret
040 _aDPL
_bEN
082 _a954.09
_bKAU
100 _aKaul, Vimla
245 _aIndia since independence :
_bchronology of events /
_cby Vimla Kaul
260 _aNew Delhi
_bSagar Publications
_c1984
270 _aN. K. Sagar for sagar Publicaitons, B-17, Sector 8
_bNoida
300 _a(v 5. 1160-1409 ; v 7. 1596-1788 ; v 9. 2004-3104)
_b30cm(Hb)
505 _av 5. 1980 ; v 7. 1982 ; v 9. 1984
650 _aIndia
650 _aTechnology -- India -- History.
942 _2ddc
_cEN
_h954.09
_mKAU
999 _c136567
_d136567